000 00736nam a2200217 i 4500
001 67071
003 ES-MaACL
005 20230906165940.0
007 t|
008 040504s2004 sp ||||1| spa d
020 _a84-9721-093-X
080 _a725.945(460.27)
130 0 _aAbogados de Atocha en los municipios de la Comunidad de Madrid.
_9118607
245 1 0 _aAbogados de Atocha en los municipios de la Comunidad de Madrid /
_c[coordinación, Raúl Cordero].
250 _a1ª ed.
260 _aMadrid :
_bGPS,
_c2004.
300 _a53 p. :
_bil. col. ;
_c21 x 35 cm.
650 1 4 _aMonumentos conmemorativos-
_zMadrid (Comunidad Autónoma)
_915187
700 1 _aCordero, Raúl.
_940514
852 _aES-MaACL
_j2166-F-16
_bR.133460
999 _c67071
_d67071